[Event "Puhajarve Rapid op 21st"]
[Site "Puhajarve"]
[Date "2021.11.27"]
[Round "29"]
[White "Karba, Andres"]
[Black "Volodin, Aleksandr"]
[Result "0-1"]
[WhiteElo "1853"]
[BlackElo "2461"]
[PlyCount "78"]
[EventDate "2021.11.26"]
[EventType "tourn (rapid)"]
[EventRounds "37"]
[EventCountry "EST"]
[SourceTitle "CBM 205 Extra"]
[Source "ChessBase"]
[SourceDate "2022.01.31"]
[SourceVersion "1"]
[SourceVersionDate "2022.01.31"]
[SourceQuality "1"]

1. e4 c5 2. Nf3 d6 3. d4 cxd4 4. c3 d3 5. Bxd3 Nf6 6. c4 Nc6 7. Nc3 g6 8. 0-0 Bg7 9. Qe2 0-0 10. h3 a5 11. Rd1 Bd7 12. Bg5 a4 13. Rac1 Qa5 14. Nd5 Rfe8 15. Bd2 Qd8 16. Be3 Nxd5 17. cxd5 Nb4 18. Bb1 Na6 19. Bd4 Bxd4 20. Rxd4 Qb6 21. e5 dxe5 22. Qxe5 Qf6 23. d6 Bc6 24. Be4 Bxe4 25. d7 Bc6 26. dxe8Q+ Rxe8 27. Qxf6 exf6 28. Rxc6 bxc6 29. Rxa4 Nc5 30. Rc4 Nd3 31. b3 Re2 32. a4 Rb2 33. Nd4 c5 34. Rc3 Rb1+ 35. Kh2 Nxf2 36. Rxc5 Rh1+ 37. Kg3 Ne4+ 38. Kf3 Nxc5 39. a5 Rb1 0-1